Visualizzazione normale
Vista MARC
- U2
di Personal Name
Records bibliografici associati: 1
001 - CONTROL NUMBER
- control field: 23233
003 - CONTROL NUMBER IDENTIFIER
- control field: IT-RoPau
005 - DATE AND TIME OF LATEST TRANSACTION
- control field: 20140430171311.0
008 - FIXED-LENGTH DATA ELEMENTS
- fixed length control field: 140430|| aca||aabn | a|a d
040 ## - CATALOGING SOURCE
- Original cataloging agency: IT-RoPau
- Transcribing agency: IT-RoPau
100 ## - HEADING--PERSONAL NAME
- Personal name: U2
- Relator term: Autore testo e musica
- Miscellaneous information: Codice autore testo/musica SPICS: 13123
670 ## - SOURCE DATA FOUND
- Source citation: Work cat.: (IT-RoPau)102169: U2 17557, War-U2 (Ilps 19733)